000
00306nam a22001337a 4500
008
170808b xxu||||| |||| 00| 0 eng d
020
_a
0895121883
041
_a
eng
080
_a
004
100
_a
35
101
_a
SHK
245
_a
UNDERSTANDING ARTIFICIAL INTELLIGENCE
_c
MISHKOFF,H.C
942
_2
udc
_c
BK
999
_c
22909
_d
22909